000257228 001__ 257228 000257228 005__ 20260412040123.0 000257228 0247_ $$aG:(GEPRIS)577236137$$d577236137 000257228 035__ $$aG:(GEPRIS)577236137 000257228 040__ $$aGEPRIS$$chttp://gepris.its.kfa-juelich.de 000257228 150__ $$aZirkular polarisierte Emission von stabilen, donor-funktionalisierten Tris(tribromphenyl)-methyl-Radikalen mit langen Kohärenzzeiten$$y2026 - 000257228 371__ $$aProfessor Dr. Alexander Kühne 000257228 371__ $$aProfessorin Dr. Sabine Richert 000257228 450__ $$aDFG project G:(GEPRIS)577236137$$wd$$y2026 - 000257228 5101_ $$0I:(DE-588b)2007744-0$$aDeutsche Forschungsgemeinschaft$$bDFG 000257228 680__ $$a 000257228 909CO $$ooai:juser.fz-juelich.de:1056129$$pauthority:GRANT$$pauthority 000257228 909CO $$ooai:juser.fz-juelich.de:1056129 000257228 980__ $$aG 000257228 980__ $$aAUTHORITY
